U.S States by Iranian-American Population - Statistics

General Stats
  • This quiz has been taken 472 times
  • The average score is 9 of 10
Answer Stats
Population Answer % Correct
27,722 New York
100%
210,128 California
99%
15,291 Florida
96%
41,925 Texas
96%
14,965 Washington
91%
11,180 Illinois
86%
9,287 Massachusetts
83%
10,424 Georgia
82%
19,953 Virginia
82%
16,597 Maryland
76%
No matching quizzes found
Score Distribution
Percent of People with Each Score
Percentile by Number Answered
Your Score History
You have not taken this quiz